[Event "U-20 Pan-American Chess Championship Absolute 2022"]
[Site "(Pereira - Risaralda) Gran Hotel. Calle 19 # 9-19"]
[Date "2022.08.23"]
[Round "1"]
[Board "1"]
[White "Lu, Maximillian"]
[Black "Mora Munoz, Alejandro"]
[Result "1-0"]
[WhiteElo "2442"]
[BlackElo "1973"]
[PlyCount "97"]
[EventDate "2022.08.23"]
[EventRounds "9"]
[EventCountry "COL"]

1. d4 Nf6 2. Nc3 d5 3. Bf4 c6 4. e3 g6 5. Nf3 Bg7 6. Be2 Nbd7 7. Ne5 Ne4 8.
Nxe4 dxe4 9. Nxd7 Bxd7 10. c3 c5 11. Qb3 Qc8 12. O-O-O cxd4 13. exd4 Bf5 14.
Bb5+ Bd7 15. Rhe1 O-O 16. Rxe4 Bxb5 17. Qxb5 Qg4 18. Qg5 Qxg5 19. Bxg5 e6 20.
d5 f6 21. Be3 exd5 22. Rxd5 Rf7 23. Red4 a6 24. Rd8+ Rxd8 25. Rxd8+ Rf8 26. Rd5
Rf7 27. Kc2 Re7 28. Kd3 Kf7 29. Bc5 Rc7 30. c4 Ke6 31. Rd6+ Ke7 32. Rc6+ Kd7
33. Rxc7+ Kxc7 34. Bd4 Kd6 35. g4 g5 36. Ke4 Ke6 37. Bc5 Bh6 38. a4 Bg7 39. b4
Bh6 40. b5 Bg7 41. h3 Bh6 42. f3 Bg7 43. Bb4 Bh6 44. c5 Bf8 45. Kd4 Be7 46. c6
Bxb4 47. cxb7 Bd6 48. bxa6 Bb8 49. Kc5   1-0

[Event "U-20 Pan-American Chess Championship Absolute 2022"]
[Site "(Pereira - Risaralda) Gran Hotel. Calle 19 # 9-19"]
[Date "2022.08.23"]
[Round "1"]
[Board "2"]
[White "Gonzalez Mojica, Renan Arturo"]
[Black "Avila Rodriguez, Joshua Ad"]
[Result "1/2-1/2"]
[WhiteElo "1970"]
[BlackElo "2215"]
[PlyCount "100"]
[EventDate "2022.08.23"]
[EventRounds "9"]
[EventCountry "COL"]

1. d4 Nf6 2. c4 e6 3. Nf3 d5 4. Nc3 c6 5. e3 Nbd7 6. Qc2 Bd6 7. Bd3 O-O 8. O-O
dxc4 9. Bxc4 b5 10. Be2 Bb7 11. Rd1 Qc7 12. e4 e5 13. h3 Rfe8 14. dxe5 Nxe5 15.
Bg5 Nxf3+ 16. Bxf3 Qe7 17. Ne2 Rad8 18. Bh4 Be5 19. Rab1 h6 20. Rxd8 Rxd8 21.
b4 Rc8 22. Bg4 Re8 23. f4 Bxf4 24. Nxf4 g5 25. e5 Nxg4 26. hxg4 gxh4 27. e6 Bc8
28. Re1 Bxe6 29. Qxc6 Bd7 30. Rxe7 Bxc6 31. Rc7 Re4 32. Nh5 Re6 33. Rxa7 Rg6
34. Rc7 Kf8 35. Kh2 Bd5 36. Nf4 Rd6 37. Nxd5 Rxd5 38. Rb7 Rd2 39. Rxb5 Rxa2 40.
Kh3 Rb2 41. Rb7 Kg7 42. b5 Kg6 43. Kxh4 Rxg2 44. Rc7 Rb2 45. Rc5 Rb3 46. Rd5 f6
47. Rc5 Kf7 48. Rd5 Kg7 49. Rc5 Kg6 50. Rd5 Kg7   1/2-1/2

[Event "U-20 Pan-American Chess Championship Absolute 2022"]
[Site "(Pereira - Risaralda) Gran Hotel. Calle 19 # 9-19"]
[Date "2022.08.23"]
[Round "1"]
[Board "3"]
[White "Flores Quillas, Diego Saul Rodri"]
[Black "Ramirez Madrid, Gerardo Alfonso"]
[Result "1-0"]
[WhiteElo "2200"]
[BlackElo "1967"]
[PlyCount "45"]
[EventDate "2022.08.23"]
[EventRounds "9"]
[EventCountry "COL"]

1. e4 e6 2. d4 d5 3. Nc3 Nf6 4. Bg5 Bb4 5. e5 h6 6. Bh4 g5 7. Bg3 Ne4 8. Nge2
c5 9. a3 Bxc3+ 10. Nxc3 Nxc3 11. bxc3 Nc6 12. dxc5 Qa5 13. Qd2 Qxc5 14. Bd3 Bd7
15. O-O Rc8 16. Kh1 Ne7 17. f4 Bb5 18. Bxb5+ Qxb5 19. fxg5 hxg5 20. Qxg5 Rg8
21. Qf6 Nf5 22. Rxf5 exf5 23. e6   1-0

[Event "U-20 Pan-American Chess Championship Absolute 2022"]
[Site "(Pereira - Risaralda) Gran Hotel. Calle 19 # 9-19"]
[Date "2022.08.23"]
[Round "1"]
[Board "4"]
[White "Mayta Aiza, Maveric"]
[Black "Rojas Salas, Steven"]
[Result "1/2-1/2"]
[WhiteElo "1962"]
[BlackElo "2199"]
[PlyCount "117"]
[EventDate "2022.08.23"]
[EventRounds "9"]
[EventCountry "COL"]

1. e4 c5 2. Nc3 e6 3. f4 d5 4. Nf3 dxe4 5. Nxe4 Nf6 6. Nf2 Bd6 7. g3 b6 8. Bg2
Bb7 9. b3 e5 10. Qe2 O-O 11. fxe5 Bxe5 12. Nxe5 Bxg2 13. Rg1 Re8 14. Bb2 Nc6
15. O-O-O Nd4 16. Qd3 Qd5 17. Rde1 Rxe5 18. Rxe5 Qxe5 19. Bxd4 cxd4 20. Rxg2
Re8 21. Nd1 b5 22. Rf2 g6 23. Rf4 Rd8 24. c3 Rd6 25. Rxd4 Re6 26. Ne3 Qh5 27.
Rd6 Rxd6 28. Qxd6 Kg7 29. Qd4 Qf3 30. Kb2 h5 31. Qxa7 Ne4 32. Qd4+ Kh7 33. Nd5
Nf2 34. Nf6+ Kh6 35. Ng8+ Kh7 36. Nf6+ Kh6 37. Qf4+ Qxf4 38. gxf4 Nd3+ 39. Kc2
Nxf4 40. a4 bxa4 41. bxa4 Kg5 42. Ne4+ Kf5 43. Nc5 h4 44. c4 g5 45. a5 g4 46.
a6 g3 47. a7 g2 48. a8=Q g1=Q 49. Qe4+ Kg5 50. Qe5+ Kg4 51. Qg7+ Ng6 52. Qxf7
Kh3 53. Nd3 Kxh2 54. c5 Qg4 55. Qf2+ Kh1 56. Qf1+ Kh2 57. Qf2+ Kh1 58. Qf1+ Kh2
59. Qf2+   1/2-1/2

[Event "U-20 Pan-American Chess Championship Absolute 2022"]
[Site "(Pereira - Risaralda) Gran Hotel. Calle 19 # 9-19"]
[Date "2022.08.23"]
[Round "1"]
[Board "5"]
[White "Cabezas Solano, David Alejandro"]
[Black "Vargas Viscaino, Jesus Daniel"]
[Result "1/2-1/2"]
[WhiteElo "2196"]
[BlackElo "1942"]
[PlyCount "97"]
[EventDate "2022.08.23"]
[EventRounds "9"]
[EventCountry "COL"]

1. Nf3 d5 2. g3 e6 3. Bg2 Nf6 4. d4 b5 5. O-O Bb7 6. a4 b4 7. c3 bxc3 8. Nxc3
Nbd7 9. a5 c5 10. Bf4 Be7 11. Qa4 Rc8 12. Ne5 O-O 13. a6 Ba8 14. Nb5 Qb6 15.
Qa5 Bd8 16. Qxb6 Bxb6 17. dxc5 Rxc5 18. Nc3 Rfc8 19. Nd3 Rc4 20. Nb5 Ne8 21. b3
Rc2 22. Bf3 f6 23. Be3 Nc7 24. Na3 Rc3 25. Rfb1 Bxe3 26. fxe3 Rb8 27. Rc1 Rbxb3
28. Nc2 e5 29. Bg4 Bc6 30. Ncb4 Bb5 31. Rxc3 Rxc3 32. Nxd5 Nxd5 33. Be6+ Kf8
34. Bxd5 Nb6 35. Be4 g6 36. g4 Nc4 37. Kf2 Nd6 38. Bb7 Rc2 39. Rd1 Ke7 40. e4
Rc7 41. Nb4 Rc4 42. Nd5+ Ke6 43. Nxf6 Rc2 44. Nxh7 Bxe2 45. Nf8+ Ke7 46. Nxg6+
Kd7 47. Nf8+ Ke7 48. Ng6+ Kd7 49. Nf8+   1/2-1/2

[Event "U-20 Pan-American Chess Championship Absolute 2022"]
[Site "(Pereira - Risaralda) Gran Hotel. Calle 19 # 9-19"]
[Date "2022.08.23"]
[Round "1"]
[Board "6"]
[White "Tobar B, Jorge Esteban"]
[Black "Escalona Landi, Samid Eduardo"]
[Result "0-1"]
[WhiteElo "1929"]
[BlackElo "2191"]
[PlyCount "78"]
[EventDate "2022.08.23"]
[EventRounds "9"]
[EventCountry "COL"]

1. d4 Nf6 2. Bg5 g6 3. Bxf6 exf6 4. c4 d5 5. cxd5 Qxd5 6. Nc3 Qa5 7. e3 Bd6 8.
g3 O-O 9. Bg2 c6 10. Nge2 f5 11. O-O Nd7 12. a3 a6 13. b4 Qd8 14. Qb3 Nb6 15.
Rfd1 Qe7 16. d5 Bd7 17. Nd4 Rac8 18. Rd3 Rfd8 19. Rad1 Be8 20. e4 fxe4 21. Bxe4
cxd5 22. Nxd5 Nxd5 23. Bxd5 Be5 24. Nf3 Bf6 25. Re1 Qc7 26. Rde3 Kg7 27. Ne5 h5
28. f4 Rd6 29. Bf3 Rd2 30. R3e2 Rxe2 31. Rxe2 Qc1+ 32. Kg2 Bxe5 33. fxe5 Bb5
34. Rf2 Rc3 35. Qd5 Bc6 36. Qd4 Rxf3 37. Rxf3 Qxa3 38. e6+ Kh7 39. e7 Qxf3+   0-1

[Event "U-20 Pan-American Chess Championship Absolute 2022"]
[Site "(Pereira - Risaralda) Gran Hotel. Calle 19 # 9-19"]
[Date "2022.08.23"]
[Round "1"]
[Board "7"]
[White "Castro Silva, Moises Antonio"]
[Black "Garzon Zapatanga, Christopher Leonel"]
[Result "1/2-1/2"]
[WhiteElo "2169"]
[BlackElo "1911"]
[PlyCount "115"]
[EventDate "2022.08.23"]
[EventRounds "9"]
[EventCountry "COL"]

1. e4 c5 2. Nf3 d6 3. d4 cxd4 4. Nxd4 Nf6 5. Nc3 a6 6. Bg5 e6 7. f4 Be7 8. Qf3
Qc7 9. O-O-O Nbd7 10. g4 b5 11. Bxf6 Nxf6 12. g5 Nd7 13. f5 Bxg5+ 14. Kb1 Ne5
15. Qh5 Qd8 16. Nxe6 Bxe6 17. fxe6 O-O 18. Rg1 Bf6 19. Qh3 Rc8 20. Nd5 fxe6 21.
Qxe6+ Kh8 22. Bh3 Rc4 23. Nxf6 Qxf6 24. Rgf1 Nf3 25. Qxd6 Qxd6 26. Rxd6 Rxe4
27. Kc1 Ree8 28. Rxa6 Nxh2 29. Rxf8+ Rxf8 30. Bg2 g5 31. c4 Rc8 32. Ra8 Rxa8
33. Bxa8 bxc4 34. a4 Ng4 35. a5 Ne5 36. a6 Nd7 37. a7 Nb6 38. Bf3 Kg7 39. Kd2
Kf6 40. Kc3 Ke5 41. a8=Q Nxa8 42. Bxa8 g4 43. Kxc4 h5 44. Kd3 h4 45. Ke3 h3 46.
Kf2 Kf4 47. b4 g3+ 48. Kg1 Ke5 49. Bf3 Kd4 50. Be2 Kd5 51. Bf1 Kd4 52. Ba6 Kd5
53. Kf1 Kd4 54. Kg1 Kd5 55. Bf1 Kd4 56. Bxh3 Kc4 57. Kg2 Kxb4 58. Kxg3   1/2-1/2

[Event "U-20 Pan-American Chess Championship Absolute 2022"]
[Site "(Pereira - Risaralda) Gran Hotel. Calle 19 # 9-19"]
[Date "2022.08.23"]
[Round "1"]
[Board "8"]
[White "Cardenas Encalada, David Josue"]
[Black "Quiroga Jaquez, Angel Ivan"]
[Result "0-1"]
[WhiteElo "1669"]
[BlackElo "2151"]
[PlyCount "66"]
[EventDate "2022.08.23"]
[EventRounds "9"]
[EventCountry "COL"]

1. d4 Nf6 2. Nf3 e6 3. e3 b6 4. Bd3 Bb7 5. Nbd2 d5 6. O-O Nbd7 7. b3 Be7 8. Bb2
Ne4 9. Ne5 Nxe5 10. dxe5 Nc5 11. Be2 O-O 12. Rc1 a5 13. c3 a4 14. Qc2 axb3 15.
axb3 Ba6 16. c4 dxc4 17. Nxc4 Bb7 18. Rfd1 Qe8 19. Bd4 Na6 20. Qb2 Nb4 21. Na3
Nd3 22. Bxd3 Bxa3 23. Qb1 Bxc1 24. Rxc1 c5 25. Bc3 h6 26. f4 Qc6 27. e4 Rfd8
28. Bc2 Qb5 29. Re1 c4 30. b4 Qc6 31. Re3 Ra3 32. h3 b5 33. Kh2 Rd3   0-1

[Event "U-20 Pan-American Chess Championship Absolute 2022"]
[Site "(Pereira - Risaralda) Gran Hotel. Calle 19 # 9-19"]
[Date "2022.08.23"]
[Round "1"]
[Board "9"]
[White "Garcia De Dios, Jose Antonio"]
[Black "Puerta Rendon, Jacobo"]
[Result "1-0"]
[WhiteElo "2135"]
[BlackElo "1662"]
[PlyCount "63"]
[EventDate "2022.08.23"]
[EventRounds "9"]
[EventCountry "COL"]

1. d4 d5 2. c4 c6 3. cxd5 cxd5 4. Bf4 Nf6 5. Nc3 Nc6 6. e3 a6 7. Rc1 Bf5 8. Nf3
e6 9. Qb3 Bb4 10. Be2 O-O 11. O-O Bxc3 12. Qxc3 Ne4 13. Qe1 Qb6 14. b3 Rfc8 15.
Ne5 g5 16. f3 gxf4 17. fxe4 Bxe4 18. Rxc6 bxc6 19. Rxf4 Bg6 20. h4 c5 21. h5
cxd4 22. hxg6 fxg6 23. Qg3 Ra7 24. exd4 Rg7 25. Qg5 Qd8 26. Qf6 Qxf6 27. Rxf6
Rc1+ 28. Kh2 Rc2 29. Rxe6 Rgc7 30. Bf3 Rxa2 31. Bxd5 Ra5 32. Rxg6+   1-0

[Event "U-20 Pan-American Chess Championship Absolute 2022"]
[Site "(Pereira - Risaralda) Gran Hotel. Calle 19 # 9-19"]
[Date "2022.08.23"]
[Round "1"]
[Board "10"]
[White "Mayta Aiza, Vicmar"]
[Black "Vasquez Vargas, Henry Richard"]
[Result "0-1"]
[WhiteElo "1627"]
[BlackElo "2130"]
[PlyCount "92"]
[EventDate "2022.08.23"]
[EventRounds "9"]
[EventCountry "COL"]

1. d4 Nf6 2. Nf3 d5 3. Bg5 Ne4 4. Bf4 g6 5. e3 Bg7 6. Bd3 c5 7. c3 Nc6 8. Nbd2
Nf6 9. O-O O-O 10. Ne5 Nd7 11. Nxc6 bxc6 12. Nf3 f6 13. e4 e5 14. dxe5 fxe5 15.
Bg5 Qc7 16. exd5 cxd5 17. Bxg6 hxg6 18. Qxd5+ Kh7 19. Be7 Rf5 20. Qxa8 Nb6 21.
Qe4 Qxe7 22. Rfe1 Bb7 23. Qh4+ Qxh4 24. Nxh4 Rf4 25. g3 Rf7 26. Rad1 e4 27. Ng2
Nc4 28. Nf4 Ne5 29. Re2 Nf3+ 30. Kg2 Re7 31. b4 c4 32. Nd5 Bxd5 33. Rxd5 Bxc3
34. Rc5 Nd4 35. Re3 Bd2 36. Ra3 Bxb4 37. Rxc4 Bxa3 38. Rxd4 Bc5 39. Rc4 Bb6 40.
a4 e3 41. fxe3 Rxe3 42. Rh4+ Kg7 43. Rb4 Re2+ 44. Kh3 Bg1 45. Kg4 Rxh2 46. Rb7+
Kh6   0-1

[Event "U-20 Pan-American Chess Championship Absolute 2022"]
[Site "(Pereira - Risaralda) Gran Hotel. Calle 19 # 9-19"]
[Date "2022.08.23"]
[Round "1"]
[Board "11"]
[White "Loaiza Cuervo, Santiago"]
[Black "Fascio Outerbridge, Arno Augusto"]
[Result "0-1"]
[WhiteElo "2082"]
[BlackElo "1602"]
[PlyCount "84"]
[EventDate "2022.08.23"]
[EventRounds "9"]
[EventCountry "COL"]

1. e4 c5 2. Nf3 d6 3. d4 cxd4 4. Nxd4 g6 5. Nc3 Nf6 6. Be3 Bg7 7. f3 O-O 8. Qd2
Nc6 9. O-O-O d5 10. Nxc6 bxc6 11. Bc4 e6 12. Bb3 Qc7 13. h4 dxe4 14. Nxe4 Nxe4
15. fxe4 c5 16. Bh6 c4 17. Ba4 c3 18. bxc3 Bxh6 19. Qxh6 Qxc3 20. Kb1 Rb8+ 21.
Bb3 Bb7 22. Rd3 Qe5 23. Re1 a5 24. a4 Bc6 25. Ka2 Bxa4 26. Qg5 Qxg5 27. hxg5
Bb5 28. Rd4 Rfc8 29. Ka3 a4 30. Bxa4 Bxa4 31. Rxa4 Rxc2 32. g4 Rg2 33. e5 Rd2
34. Rf1 Re2 35. Ra7 Rf8 36. Ra5 Re4 37. Rg1 Rd8 38. Rb5 Rdd4 39. Rf1 Rxg4 40.
Rf6 Rd7 41. Kb3 Rxg5 42. Kc3 Rf5   0-1

[Event "U-20 Pan-American Chess Championship Absolute 2022"]
[Site "(Pereira - Risaralda) Gran Hotel. Calle 19 # 9-19"]
[Date "2022.08.23"]
[Round "1"]
[Board "13"]
[White "Londono Lopez, Donaldo"]
[Black "Bosquez Leguisamo, Joel Alexander"]
[Result "1-0"]
[WhiteElo "2044"]
[BlackElo "1296"]
[PlyCount "36"]
[EventDate "2022.08.23"]
[EventRounds "9"]
[EventCountry "COL"]

1. e4 c5 2. Nf3 Nc6 3. d4 cxd4 4. Nxd4 g6 5. c4 Bg7 6. Nc2 d6 7. Be2 Nf6 8. Nc3
O-O 9. O-O Bd7 10. Be3 Rc8 11. f3 Na5 12. b3 b6 13. Qd2 Re8 14. Rfd1 Qc7 15.
Rac1 a6 16. Bg5 Qb7 17. e5 Nh5 18. g4 Bxe5   1-0

[Event "U-20 Pan-American Chess Championship Absolute 2022"]
[Site "(Pereira - Risaralda) Gran Hotel. Calle 19 # 9-19"]
[Date "2022.08.23"]
[Round "1"]
[Board "15"]
[White "Wong Pages, Juan"]
[Black "Bermudez Rojas, Alejandro"]
[Result "1-0"]
[WhiteElo "2008"]
[BlackElo "1138"]
[PlyCount "71"]
[EventDate "2022.08.23"]
[EventRounds "9"]
[EventCountry "COL"]

1. e4 e5 2. Nf3 Nc6 3. Bc4 Nf6 4. d3 Be7 5. O-O d6 6. c3 b6 7. b4 Bb7 8. Qb3
O-O 9. Nbd2 a5 10. b5 a4 11. Qc2 Na5 12. Qxa4 Nxc4 13. Qxc4 d5 14. Qb3 dxe4 15.
dxe4 Nxe4 16. Nxe4 Bxe4 17. Nxe5 Qd6 18. Bf4 Bd5 19. c4 Bb7 20. Bg3 Qe6 21.
Rfe1 Qf5 22. Nc6 Bxc6 23. Rxe7 Bd7 24. Rd1 Be6 25. Rxc7 Rad8 26. h3 Rxd1+ 27.
Qxd1 h6 28. Qd4 Qb1+ 29. Kh2 Qxa2 30. Qxb6 Bxc4 31. Qc5 Bf1 32. b6 Rb8 33. Ra7
Qe6 34. Bxb8 Qe4 35. Qc8+ Kh7 36. Qg4   1-0

[Event "U-20 Pan-American Chess Championship Absolute 2022"]
[Site "(Pereira - Risaralda) Gran Hotel. Calle 19 # 9-19"]
[Date "2022.08.23"]
[Round "2"]
[Board "1"]
[White "Esmeraldas Huachi, Anderson"]
[Black "Lu, Maximillian"]
[Result "1/2-1/2"]
[WhiteElo "2081"]
[BlackElo "2442"]
[PlyCount "199"]
[EventDate "2022.08.23"]
[EventRounds "9"]
[EventCountry "COL"]

1. d4 Nf6 2. c4 d6 3. Nc3 e5 4. dxe5 dxe5 5. Qxd8+ Kxd8 6. Bg5 Be6 7. O-O-O+
Nbd7 8. e4 Kc8 9. f3 Nb6 10. b3 Nfd7 11. Be3 c6 12. g3 Bc5 13. Bxc5 Nxc5 14.
Bh3 Bxh3 15. Nxh3 h5 16. f4 Re8 17. f5 f6 18. Nf2 Kc7 19. g4 hxg4 20. Rhg1 Rad8
21. Rxg4 Rxd1+ 22. Kxd1 Re7 23. Kc2 a5 24. h4 Kd8 25. h5 Ncd7 26. Nd3 Ke8 27.
c5 Na8 28. a3 Nc7 29. b4 axb4 30. axb4 Kf7 31. Na4 Nb5 32. Nb6 Nf8 33. Nb2 Re8
34. N2c4 Rd8 35. Na5 Rb8 36. Kc1 Nh7 37. Kd2 Ng5 38. Ke3 Kg8 39. Nbc4 Nf7 40.
Rg2 Nd4 41. Nb6 Kh7 42. Nac4 Rd8 43. Na5 Rb8 44. Ra2 Kh6 45. Nac4 Nb5 46. Na3
Nd4 47. Nc2 Rd8 48. Na3 Ng5 49. Nac4 Nb5 50. Ra8 Rxa8 51. Nxa8 Nf7 52. Nab6
Kxh5 53. Nd7 Nd4 54. Kd3 Kg4 55. Nf8 Ng5 56. Nd6 Kf3 57. Ng6 Nh3 58. Nh4+ Kg3
59. Ng6 Kf3 60. Nh4+ Kg3 61. Ng6 Nf2+ 62. Kc4 Kf3 63. Nxb7 Nxe4 64. Nd6 Nd2+
65. Kd3 Nf1 66. Ne7 Ng3 67. Kc4 Ne4 68. Nxe4 Kxe4 69. Nxc6 Nxc6 70. b5 Na5+ 71.
Kb4 Kd5 72. Kxa5 e4 73. c6 e3 74. c7 e2 75. c8=Q e1=Q+ 76. Ka6 Qf1 77. Qe6+ Kc5
78. Qc6+ Kd4 79. Qd6+ Ke4 80. Qe6+ Kf4 81. Kb6 Qb1 82. Kc6 Qc2+ 83. Kb7 g5 84.
fxg6 Qxg6 85. b6 Qh7+ 86. Kc6 Qc2+ 87. Kd6 Qb2 88. Kc7 f5 89. b7 Qg7+ 90. Qd7
Qc3+ 91. Qc6 Qg7+ 92. Kb6 Qb2+ 93. Ka7 Qa1+ 94. Qa6 Qd4+ 95. Ka8 Qd5 96. Qa4+
Kg3 97. Ka7 Qc5+ 98. Kb8 f4 99. Qd7 f3 100. Qc7+   1/2-1/2

[Event "U-20 Pan-American Chess Championship Absolute 2022"]
[Site "(Pereira - Risaralda) Gran Hotel. Calle 19 # 9-19"]
[Date "2022.08.23"]
[Round "2"]
[Board "2"]
[White "Mendez Machado, Andre"]
[Black "Flores Quillas, Diego Saul Rodri"]
[Result "0-1"]
[WhiteElo "1995"]
[BlackElo "2200"]
[PlyCount "82"]
[EventDate "2022.08.23"]
[EventRounds "9"]
[EventCountry "COL"]

1. e4 c5 2. Nc3 Nc6 3. Bb5 Nd4 4. Nf3 a6 5. Bd3 Nc6 6. O-O d6 7. Be2 g6 8. d4
cxd4 9. Nxd4 Bg7 10. Nxc6 bxc6 11. Bc4 Nf6 12. Qf3 Qc7 13. h3 O-O 14. Bf4 Nd7
15. Qg3 Rb8 16. Bb3 Nc5 17. Rfe1 e5 18. Be3 Nxb3 19. cxb3 f5 20. exf5 Bxf5 21.
Rac1 Rbd8 22. Bg5 Rde8 23. Qh4 Qb7 24. Na4 Be6 25. Bh6 Bxh6 26. Qxh6 Rf4 27.
Nc3 Ref8 28. Re2 Qa7 29. Rf1 R8f5 30. g4 Rf8 31. Ne4 Bxg4 32. hxg4 Rxg4+ 33.
Kh2 Rff4 34. Nf6+ Rxf6 35. f3 Rgf4 36. Qh3 R6f5 37. Qg3 e4 38. Qe1 Qe7 39. Rxe4
Rh5+ 40. Kg2 Qf6 41. Re8+ Kf7   0-1

[Event "U-20 Pan-American Chess Championship Absolute 2022"]
[Site "(Pereira - Risaralda) Gran Hotel. Calle 19 # 9-19"]
[Date "2022.08.23"]
[Round "2"]
[Board "3"]
[White "Escalona Landi, Samid Eduardo"]
[Black "Londono Lopez, Donaldo"]
[Result "1/2-1/2"]
[WhiteElo "2191"]
[BlackElo "2044"]
[PlyCount "44"]
[EventDate "2022.08.23"]
[EventRounds "9"]
[EventCountry "COL"]

1. Nf3 Nf6 2. g3 g6 3. b3 d5 4. Bb2 Bg7 5. c4 dxc4 6. bxc4 O-O 7. Bg2 Re8 8.
O-O Nbd7 9. d4 e5 10. e3 exd4 11. exd4 c5 12. Nbd2 cxd4 13. Bxd4 Qc7 14. Qb3 b6
15. a4 Bb7 16. a5 Ne4 17. Bxg7 Nxd2 18. Nxd2 Bxg2 19. Kxg2 Kxg7 20. axb6 axb6
21. Rxa8 Qc6+ 22. Qf3 Qxf3+   1/2-1/2

[Event "U-20 Pan-American Chess Championship Absolute 2022"]
[Site "(Pereira - Risaralda) Gran Hotel. Calle 19 # 9-19"]
[Date "2022.08.23"]
[Round "2"]
[Board "4"]
[White "Quiroga Jaquez, Angel Ivan"]
[Black "Wong Pages, Juan"]
[Result "0-1"]
[WhiteElo "2151"]
[BlackElo "2008"]
[PlyCount "50"]
[EventDate "2022.08.23"]
[EventRounds "9"]
[EventCountry "COL"]

1. d4 Nf6 2. c4 g6 3. Nc3 d5 4. Nf3 Bg7 5. e3 O-O 6. Qb3 e6 7. Be2 b6 8. cxd5
exd5 9. Ne5 Be6 10. O-O c5 11. Bf3 Ne4 12. Rd1 c4 13. Qc2 Nxc3 14. bxc3 Qc8 15.
e4 f6 16. exd5 Bf5 17. Qe2 fxe5 18. dxe5 Bd3 19. Qe1 Nd7 20. d6 Rxf3 21. gxf3
Nxe5 22. Qe3 Qh3 23. Kh1 Nxf3 24. Qf4 Be5 25. Qh6 Nh4   0-1

[Event "U-20 Pan-American Chess Championship Absolute 2022"]
[Site "(Pereira - Risaralda) Gran Hotel. Calle 19 # 9-19"]
[Date "2022.08.23"]
[Round "2"]
[Board "5"]
[White "Picasso Periche, Luis Willian Alberto"]
[Black "Garcia De Dios, Jose Antonio"]
[Result "0-1"]
[WhiteElo "1226"]
[BlackElo "2135"]
[PlyCount "144"]
[EventDate "2022.08.23"]
[EventRounds "9"]
[EventCountry "COL"]

1. e4 c5 2. Nf3 d6 3. Nc3 Nf6 4. d4 cxd4 5. Nxd4 a6 6. Bc4 e6 7. O-O Be7 8. Nf3
Qc7 9. Qe2 Nc6 10. Rd1 O-O 11. Bg5 b5 12. Bd3 Bb7 13. Rac1 Rac8 14. a3 Rfd8 15.
h3 Na5 16. Nh2 h6 17. Be3 Nc4 18. Bxc4 Qxc4 19. Qxc4 Rxc4 20. f3 d5 21. exd5
Rxc3 22. bxc3 Nxd5 23. Bd4 Bxa3 24. Rb1 Rc8 25. Ng4 Nxc3 26. Bxc3 Rxc3 27. Rd8+
Kh7 28. Rd7 Bd5 29. Rxf7 Bc5+ 30. Kh1 Rxc2 31. Rd7 Ba2 32. Rbd1 b4 33. Rb7 h5
34. Nf6+ Kg6 35. Ne4 Bf8 36. Rd8 Bd5 37. Rb6 Kf7 38. Rxa6 b3 39. Rb8 Bxe4 40.
fxe4 b2 41. Kh2 Bc5 42. Kg3 Bd4 43. Rb7+ Kf6 44. Ra4 Ke5 45. Rab4 Kxe4 46. R7b6
e5 47. Rg6 Rc7 48. Kh4 Kd3 49. Rg3+ Kc2 50. Rgb3 e4 51. Rxb2+ Bxb2 52. Rxe4 Rc5
53. g4 Bf6+ 54. Kg3 h4+ 55. Kf4 Bg5+ 56. Kf3 Rc3+ 57. Kg2 Rg3+ 58. Kh2 Kd3 59.
Ra4 Be3 60. Ra1 Ke2 61. Ra2+ Kf3 62. Ra3 g5 63. Ra2 Bf4 64. Ra1 Rxg4+ 65. Kh1
Rg3 66. Kh2 Ke4 67. Re1+ Re3+ 68. Kg2 Rxe1 69. Kf2 Bg3+ 70. Kg2 Re2+ 71. Kf1
Kf3 72. Kg1 Re1#   0-1

[Event "U-20 Pan-American Chess Championship Absolute 2022"]
[Site "(Pereira - Risaralda) Gran Hotel. Calle 19 # 9-19"]
[Date "2022.08.23"]
[Round "2"]
[Board "7"]
[White "Fascio Outerbridge, Arno Augusto"]
[Black "Cabezas Solano, David Alejandro"]
[Result "0-1"]
[WhiteElo "1602"]
[BlackElo "2196"]
[PlyCount "78"]
[EventDate "2022.08.23"]
[EventRounds "9"]
[EventCountry "COL"]

1. d4 Nf6 2. Nf3 d5 3. g3 e6 4. Bg2 Be7 5. O-O O-O 6. c4 dxc4 7. Ne5 Qd6 8.
Nxc4 Qa6 9. Qc2 Nc6 10. e3 Bd7 11. a3 Rab8 12. Nbd2 b5 13. Ne5 Nxe5 14. dxe5
Nd5 15. Nb3 Qa4 16. Bd2 c5 17. Rac1 Rfc8 18. Na1 Qa6 19. e4 Nb6 20. Rfd1 Bc6
21. h4 Nd7 22. f4 c4 23. Bb4 Bc5+ 24. Kh2 Qb7 25. Qe2 Ra8 26. Nc2 a5 27. Bc3 b4
28. axb4 axb4 29. Bd4 Be7 30. Qxc4 Bxe4 31. Bxe4 Qxe4 32. Qd3 Qb7 33. Ne3 Rd8
34. Qb3 Qf3 35. Rf1 Qe2+ 36. Ng2 Nf8 37. Rf2 Qe4 38. Be3 Rd3 39. Rc4 Qxe3   0-1

[Event "U-20 Pan-American Chess Championship Absolute 2022"]
[Site "(Pereira - Risaralda) Gran Hotel. Calle 19 # 9-19"]
[Date "2022.08.23"]
[Round "2"]
[Board "8"]
[White "Avila Rodriguez, Joshua Ad"]
[Black "Mayta Aiza, Maveric"]
[Result "1/2-1/2"]
[WhiteElo "2215"]
[BlackElo "1962"]
[PlyCount "100"]
[EventDate "2022.08.23"]
[EventRounds "9"]
[EventCountry "COL"]

1. e4 c5 2. Nf3 Nc6 3. d4 cxd4 4. Nxd4 Nf6 5. Nc3 d6 6. Bg5 Qb6 7. Nb3 e6 8.
Bf4 e5 9. Be3 Qc7 10. Be2 a6 11. O-O Be6 12. Nd5 Bxd5 13. exd5 Ne7 14. c4 Ng6
15. Rc1 Nd7 16. Bg4 Be7 17. Qc2 O-O 18. Bf5 Rfe8 19. Nd2 Ndf8 20. b4 b6 21. g3
Nh8 22. Bd3 g6 23. c5 bxc5 24. bxc5 dxc5 25. Bxc5 Qxc5 26. Qxc5 Bxc5 27. Rxc5
f5 28. Ra5 Nf7 29. Rxa6 Rxa6 30. Bxa6 Ra8 31. Bc4 Nd6 32. Bb3 Rc8 33. Rb1 Rc3
34. Kf1 Nd7 35. Ba4 Nc5 36. Bc6 Rc2 37. Nb3 Nd3 38. a4 Rxf2+ 39. Kg1 Ra2 40.
Ra1 Rxa1+ 41. Nxa1 Nb4 42. Nb3 Kf7 43. Nc5 Nc4 44. Bb5 Nd6 45. Bd7 Nc4 46. Be6+
Ke7 47. Nb7 Nd6 48. Nc5 Nc4 49. Nb7 Nd6 50. Nc5 Nc4   1/2-1/2

[Event "U-20 Pan-American Chess Championship Absolute 2022"]
[Site "(Pereira - Risaralda) Gran Hotel. Calle 19 # 9-19"]
[Date "2022.08.23"]
[Round "2"]
[Board "9"]
[White "Rojas Salas, Steven"]
[Black "Gonzalez Mojica, Renan Arturo"]
[Result "1-0"]
[WhiteElo "2199"]
[BlackElo "1970"]
[PlyCount "60"]
[EventDate "2022.08.23"]
[EventRounds "9"]
[EventCountry "COL"]

1. d4 d6 2. Nf3 Nd7 3. c4 e5 4. Nc3 f5 5. g3 Ngf6 6. Bg2 Be7 7. O-O O-O 8. dxe5
Nxe5 9. b3 c6 10. Bb2 Nxf3+ 11. exf3 f4 12. Qd4 fxg3 13. hxg3 Qb6 14. Qd2 Bf5
15. Rae1 Rfe8 16. Re2 Bf8 17. Rd1 Rad8 18. Rxe8 Rxe8 19. Ne2 Be7 20. Nf4 Rd8
21. Re1 Qc7 22. Qe3 Qb8 23. g4 Bd7 24. g5 Re8 25. Qd3 Bf8 26. Re3 d5 27. Ne2
Rxe3 28. fxe3 Nh5 29. cxd5 Qd6 30. f4 Be6   1-0

[Event "U-20 Pan-American Chess Championship Absolute 2022"]
[Site "(Pereira - Risaralda) Gran Hotel. Calle 19 # 9-19"]
[Date "2022.08.23"]
[Round "2"]
[Board "10"]
[White "Vargas Viscaino, Jesus Daniel"]
[Black "Castro Silva, Moises Antonio"]
[Result "0-1"]
[WhiteElo "1942"]
[BlackElo "2169"]
[PlyCount "56"]
[EventDate "2022.08.23"]
[EventRounds "9"]
[EventCountry "COL"]

1. d4 Nf6 2. Nf3 e6 3. g3 b5 4. Bg2 Bb7 5. O-O Be7 6. c4 bxc4 7. Qa4 O-O 8.
Qxc4 d5 9. Qb3 Ba6 10. Nc3 Nbd7 11. Qa4 Qc8 12. b4 Nb6 13. Qb3 Bc4 14. Qb2 Nfd7
15. Bf4 a5 16. a3 Qb7 17. Rfb1 axb4 18. axb4 c6 19. h4 Rxa1 20. Rxa1 Ra8 21.
Ra5 Ba6 22. Nd2 Nc4 23. Nxc4 Bxc4 24. Rxa8+ Qxa8 25. Bc7 Qa7 26. Ba5 Qxd4 27.
e3 Qd3 28. Na4 Qd1+   0-1